000 00392 a2200169 4500
001 161385
020 _a978-85-08-08954-3
040 _cMagnum
100 _aIacocca, Liliana
240 1 0 _aA constituição para crianças
_lpor
245 1 0 _aA constituição para crianças
300 _a47
362 0 _a2008
440 1 _aÁtica
697 _aLITERATURA INFANTO-JUVENIL
942 _cBK
999 _c161385
_d161385